000 00802nam a2200193 a 4500
008 101115s2008 ||||||||||||||||| || u
020 _a9780750681179
050 _aHT 166 Tal
100 _aTalen, Emily
245 1 0 _aDesign for diversity: exploring socially mixed neighborhoods
260 _aOxford
_bElsevier
_c2008
300 _a[ii], 246p.: ill.
350 _a0.00
650 _aPLANNING
650 _aHUMAN BEHAVIOUR
650 0 _aCITY PLANNING
995 _aMAIN LIBRARY OPEN ACCESS
_D0.00
_e742255
_FCBU-MAIN LIBRARY (Kitwe)
_H1
_I0.00
_jHT 166 Tal
_M1
_UAVAILABLE
_WDec 29, 2010
_y742255
_ZMain Library Open Access Collection
995 _aMAIN LIBRARY OPEN ACCESS
_D0.00
_e742624
_FCBU-MAIN LIBRARY (Kitwe)
_H1
_I0.00
_jHT 166 Tal
_M2
_UAVAILABLE
_WMar 21, 2012
_y742624
_ZMain Library Open Access Collection
999 _c63440
_d63440